000
00491nam a2200169Ia 4500
008
090711s9999 xx 000 0 und d
082
_b
74962
100
_a
शिरवळकर सुहास
245
_a
जमीन-आसमान
260
_c
1994
300
_a
191
600
_a
शिरवळकर सुहास
630
_a
जमीन-आसमान
700
_a
शिरवळकर सुहास
730
_a
जमीन-आसमान
942
_c
BOOK
999
_c
294708
_d
294708